00869nam a2200193 a 450000100100000000500170001000800410002702000150006804000250008310000310010824501440013926000620028330000210034549000810036650000730044770000360052070000400055683000790059600004146520201002034919.0131007s1977 sp 001 0 spa d a8400036123 aDO-SdBNPbspacBNPHU1 aPadilla Altamirano, Silvia13aLa encomienda en popayan :btres estudios /cSilvia Padilla Altamirano, María Luisa López Arellano, Adolfo Luis González Rodríguez. aSevilla :bEscuela de Estudios Hispanoamericanos.,c1977. a393 p. ;c25 cm.1 aPublicaciones de la Escuela de Estudios Hispano-Americanos de Sevilla ;v328 aIncluye referencias bibliográficas y notas al pie de las páginas1 aLópez Arellano, María Luisa1 aGonzález Rodríguez, Adolfo Luis 0aPublicaciones de la Escuela de Estudios Hispano-Americanos de Sevillav238